000 00749nam a2200277Ia 4500
001 E5495
003 IT-RoPAU
008 130308s9999 xx 000 0 und d
040 _aIT-RoPAU
040 _cIT-RoPAU
041 _aITALIANO
100 _aVioli Patrizia
100 _gCodice Aut. SPICS: 637
245 _aLinguistica generale e sociolinguistica
245 _bGuida Alla Laurea in Scienze della Comunicazione
250 _a1a ed.
260 _aBOLOGNA
260 _bIl Mulino
260 _c1995 [1° Ed.:1995 - Ed.Ling.Originale:1995]
300 _a"8 p. (prefazione: no ; testo: 8 [pagine: 94-101])"
650 _aDIDATTICA GENERALE
650 _eCodice materia Spics: 4001
942 _cBK
957 _71
999 _c96802
_d96802
999 _g1